<?xml version="1.0" encoding="UTF-8"?>
<collection xmlns="http://www.loc.gov/MARC21/slim">
 <record>
  <leader>01597nam a2200205Ia 4500</leader>
  <controlfield tag="001">CTU_34292</controlfield>
  <controlfield tag="008">210402s9999    xx            000 0 und d</controlfield>
  <datafield tag="020" ind1=" " ind2=" ">
   <subfield code="b">180.000đ</subfield>
  </datafield>
  <datafield tag="082" ind1=" " ind2=" ">
   <subfield code="a">959.704</subfield>
  </datafield>
  <datafield tag="082" ind1=" " ind2=" ">
   <subfield code="b">Ch312</subfield>
  </datafield>
  <datafield tag="100" ind1=" " ind2=" ">
   <subfield code="a">Thông tấn xã Việt Nam - Văn phòng Chính phủ</subfield>
  </datafield>
  <datafield tag="245" ind1=" " ind2="0">
   <subfield code="a">Chính phủ Việt Nam 1945 - 1998 (Tư liệu)</subfield>
  </datafield>
  <datafield tag="245" ind1=" " ind2="0">
   <subfield code="c">Thông tấn xã Việt Nam - Văn phòng Chính phủ</subfield>
  </datafield>
  <datafield tag="260" ind1=" " ind2=" ">
   <subfield code="a">Hà Nội</subfield>
  </datafield>
  <datafield tag="260" ind1=" " ind2=" ">
   <subfield code="b">Chính Trị Quốc Gia</subfield>
  </datafield>
  <datafield tag="260" ind1=" " ind2=" ">
   <subfield code="c">1999</subfield>
  </datafield>
  <datafield tag="520" ind1=" " ind2=" ">
   <subfield code="a">Sách cung cấp kiến thức về quá trình ra đời, tổ chức và hoạt động của Chính phủ nước Cộng hòa Xã hội chủ nghĩa Việt Nam từ 1945 - 1998, trên cơ sở những tư liệu-sự kiện lịch sử. Nội dung bao gồm trong ba phần: *) Phần Một: giới thiệu về những chính sách và thành tựu của Chính phủ Việt Nam theo từng giai đoạn. *) Phần hai: Giới thiệu danh sách Chính phủ qua các thời kỳ. *) Phần phụ lục gồm có sơ đồ cơ cấu tổ chức nhà nước, danh sách Chính phủ và cơ quan trực thuộc Chính phủ, các văn bản pháp luật và thẩm quyền ban hành, và các đơn vị hành chánh ở Việt Nam từ 1946 - 1998</subfield>
  </datafield>
  <datafield tag="650" ind1=" " ind2=" ">
   <subfield code="a">vietnam - history - 1945 - 1998,vietnam. congress - committees</subfield>
  </datafield>
  <datafield tag="904" ind1=" " ind2=" ">
   <subfield code="i">Minh, 991201</subfield>
  </datafield>
  <datafield tag="980" ind1=" " ind2=" ">
   <subfield code="a">Trung tâm Học liệu Trường Đại học Cần Thơ</subfield>
  </datafield>
 </record>
</collection>
<br />
<b>Notice</b>:  fwrite(): write of 437 bytes failed with errno=28 No space left on device in <b>C:\vufind\module\VuFind\src\VuFind\Session\File.php</b> on line <b>152</b><br />
Cannot write session to C:\Windows\TEMP\vufind_sessions/sess_hm6m4j9h1neqqt8m0hha2sp9s4
<br />
<b>Warning</b>:  session_write_close(): Failed to write session data using user defined save handler. (session.save_path: \xampp\tmp) in <b>C:\vufind\vendor\laminas\laminas-session\src\SessionManager.php</b> on line <b>235</b><br />
